| 000 | 00971pam a2200325 a 4500 | ||
|---|---|---|---|
| 999 |
_c981 _d981 |
||
| 001 | 017519582 | ||
| 003 | UkOxU | ||
| 005 | 20200218104707.0 | ||
| 008 | 100726s2010 enk j 000|1 eng|d | ||
| 015 |
_aGBB091992 _2bnb |
||
| 020 | _a9780141331881 (pbk.) : | ||
| 020 | _a0141331887 (pbk.) : | ||
| 035 | _a(Uk)015618009 | ||
| 040 |
_aStDuBDS _beng _cStDuBDS _dUk |
||
| 042 | _aukblcatcopy | ||
| 082 | _aFIC MEA | ||
| 100 | 1 |
_aMead, Richelle. _eauthor |
|
| 245 | 1 | 0 |
_aLast sacrifice / _cRichelle Mead. |
| 260 |
_aLondon : _bRazorbill, _cc2010. |
||
| 300 |
_a584 p. ; _c20 cm. |
||
| 440 |
_aVampire Academy ; _n6 |
||
| 500 | _aOriginally published: New York: Razorbill. | ||
| 500 |
_aFormerly CIP. _5Uk |
||
| 650 | 0 |
_aHathaway, Rose (Fictitious character) _vFiction. |
|
| 650 | 0 |
_aSt. Vladimir's Academy (Imaginary organization) _vFiction. |
|
| 650 | 0 |
_aVampires _vFiction. |
|
| 655 | 0 | _aThrillers (Fiction) | |
| 655 | 0 | _aYoung adult fiction. | |
| 942 |
_2ddc _cFIC |
||